Ιστορία της νεωτερικής και σύγχρονης φιλοσοφίας : φυσιογνωμίες και έργα

Αποθηκεύτηκε σε:
Λεπτομέρειες βιβλιογραφικής εγγραφής
Κύριος συγγραφέας: Besnier, Jean-Michel
Άλλοι συγγραφείς: Παπαγιώργης, Κωστής, 1947-2014 (Μεταφραστής)
Μορφή: Βιβλίο
Γλώσσα:Greek
French
Δημοσίευση: Αθήνα : Καστανιώτης, 2001.
Έκδοση:2η έκδ.
Σειρά:Ιστορία της φιλοσοφίας
Θέματα:
Ετικέτες: Προσθήκη ετικέτας
Δεν υπάρχουν, Καταχωρήστε ετικέτα πρώτοι!

MARC

LEADER 00000cam a2200000 i 4500
001 1/26421
008 020809s2001 gr | ||| |||| ||gre||
020 |a 9600325391  
035 |l 10068251  
040 |a GR-MyUa   |b gre  |e AACR2  
041 1 |a gre  |h fre 
082 7 |a 190   |2 (22)  
100 1 |a Besnier, Jean-Michel. 
245 1 0 |a Ιστορία της νεωτερικής και σύγχρονης φιλοσοφίας :   |b φυσιογνωμίες και έργα /   |c Ζαν-Μισέλ Μπενιέ ; μετάφραση: Κωστής Παπαγιώργης.  
250 |a 2η έκδ.  
260 |a Αθήνα :   |b Καστανιώτης,   |c 2001. 
300 |a 894 σ. ;   |c 24 εκ.  
490 1 |a (Ιστορία της φιλοσοφίας)  
500 |a Τίτλος πρωτοτύπου: Histoire de la philosophie moderne et contemporaine.  
650 0 |a Philosophy, Modern  |x History. 
700 1 |a Παπαγιώργης, Κωστής,   |d 1947-2014,  |e trl 
830 0 |a Ιστορία της φιλοσοφίας 
852 |a INST  |b RHODES  |e 20020809  |h 190 BES  |p 005400016238  |q 005400016238  |t BK  |y 0 
901 |a BIBL4-2002-2 
922 |a 4ΕΛΗ  |b 200205  |c ΚΠΣ/96 
970 |a Κουλακιώτη  |b Λίτσα  |z 2002/08/23